Widok standardowy
Widok MARC
Pozycja Corporate Name
Liczba rekordów, w których użyto hasła: 1
001 - Numer kontrolny
- control field: 40882
003 - Identyfikator numeru kontrolnego
- control field: NUKAT
005 - Data i czas ostatniej modyfikacji
- control field: 20260429130014.0
008 - Dane kontrolne kodowane (40 znaków)
- fixed length control field: 201123n||aaznnbabn |a ana |c
010 ## - Numer kontrolny Biblioteki Kongresu
- numer kontrolny LC: sx2019987837
040 ## - Instytucja sporządzająca rekord
- inst. przygot. dane do rek. khw: WR O/PC
- język haseł przedmiotowych/tezaurus: kaba
- inst. wprow. rek. khw: WR O/PC
110 1# - Hasło - nazwa ciała zbiorowego
- nazwa ciała zbior. lub geogr. na pocz.: Polska.
- nazwa jednostki podrzędnej: Wojsko Polskie (1918-1939).
- nazwa jednostki podrzędnej: Armia Ochotnicza
- określnik formy: biografie.